000
00306nam a2200109 a 4500
005
20140513081053.0
008
090911s19uu xx 00 eng d
050
_a
Kit
_b
LIT 1981
245
_a
Little Miss Sing along songs /
_c
Hangreaves, Roger.
260
_a
U.S.A :
_b
Ottenheimer pub,
_c
1981.
999
_c
116404
_d
116404